000 00530nam a2200193Ia 4500
005 20250524141006.0
008 241212s9999 xx 000 0 und d
020 _a9780226214290
_qpbk
041 _aeng
082 _a306.85
_bSAH
100 _aSahlins, Marshall
245 0 _aWhat Kinship Is-And Is Not
250 _a1st ed
260 _bUniversity Of Chicago Press,
_c2013
_aUK
300 _a110 p
_c21cm
504 _aindex
650 _a Forskning og indsamling, Kinship ,antropologisk definition,
942 _cENGLISH
999 _c566654
_d566654